00568pam a2200157 a 4500020001500000082001900015245005100034260003800085300002300123490001000146500017900156650002200335650002000357700001600377700001700393 a080311182700a620.140287 SEL00aSelection and use of wear tests for ceramics / aPhiladelphia, PA :bASTM,cc1988. ax, 94 p. :bill. ;1 aSTP ; aProceedings of the Symposium on Selection and Use of Wear Test Systems for Ceramics, held May 13, 1987, Cincinnati, Ohio; sponsored by ASTM Committee G-2 on Wear and Erosion. 0aCeramic materials 0aMechanical wear1 aYust, C. S.1 aBayer, R. G.